000 00632nam a22001817a 4500
005 20170630114857.0
010 _aENG-119079
020 _a9788192473109
_c1195.00
035 _aEN-102611
037 _bDBAD/PUB
082 _a341.2354
100 _aPatnaik, Saroj Kumar
245 _aUnited nations and india in the promotion of social service and social welfare /
_cby Saroj Kumar Patnaik
260 _aNew Delhi
_bSwaraj Book Distributors
_c2013
270 _a4648/1,21, (F-8), Jagdamba Bhavan, Ansari Road, Daryaganj, New Delhi-110002
300 _axvi,418p
_c23cm.(Hb)
942 _2ddc
_cEN
_h341.2354
_mPAT
999 _c142199
_d142199